000 06960namaa22004451i 4500
003 EG-GICUC
005 20260502112721.0
008 260502s2025 ua a|||frm||| 000 0 eng d
040 _aEG-GICUC
_beng
_cEG-GICUC
_dEG-GICUC
_erda
041 0 _aeng
_beng
_bara
049 _aDeposit
082 0 4 _a615.82
092 _a615.82
_221
097 _aM.Sc
099 _aCai01.21.09.M.Sc.2025.Za.E
100 0 _aZainab Sayed Farghaly Farghaly,
_epreparation.
245 1 0 _aEffect of muscle energy technique in children with post traumatic elbow stiffness /
_cby Zainab Sayed Farghaly Farghaly ; Supervisors Prof. Dr. Maher Ahmed El Keblawy, Prof. Dr. Mohammed Mustafa Hosni, Dr. Sahar Abdallah Abdallah.
246 1 5 _aتقنية الطاقة العضلية، تيبس الكوع، مستوى الألم، المدى الحركي لمفصل الكوع، جودة الحياة
264 0 _c2025.
300 _a113 pages :
_billustrations ;
_c25 cm. +
_eCD.
336 _atext
_2rda content
337 _aUnmediated
_2rdamedia
338 _avolume
_2rdacarrier
502 _aThesis (M.Sc)-Cairo University, 2025.
504 _aBibliography: pages 98-109.
520 3 _aBackground: Elbow fractures are common in Pediatric populations. Restriction of joint mobility is a common complication that is seen post elbow surgery. This could be due to immobilization, pain, muscle guarding. All these may lead to reduced joint function and may hamper the patient's ability to perform functional tasks, thereby affecting his activities of daily living. Aim: The purpose of this study was to investigate the effect of muscle energy technique on pain level, elbow range of motion and quality of life in children with post traumatic elbow stiffness. Design: Pretest-posttest randomized controlled clinical trial. Setting: The outpatient clinic in Beni-Suef specialized hospital Methods: Participants were randomly divided into two equal groups. Group (A) (control group): received conventional treatment (hot pack, range of motion exercises, stretching exercises and strengthening exercises) and home program 3 sessions per week for 4 weeks. Group (B) (study group): received muscle energy technique plus conventional treatment and home program 3 sessions per week for 4 weeks. The pre- and post-treatment development of the patients was evaluated by the Faces Pain Scale-Revised (FPS-R) to measure pain, Goniometer pro app (G-Pro app) to measure elbow ROM and the Pediatric Quality of Life Inventory 4.0 Generic Core Scale (PedsQL) to measure quality of life. Results: Both groups showed improvement in all study variables, but the study group showed more improvement. There was a statistically significant decrease in FPS-R (p = 0.003), a significant increase in elbow flexion (p = 0.001), a significant increase in elbow extension (p = 0.001), a significant increase in PedsQL (p = 0.001) posttreatment compared to group (A). Conclusion: The muscle energy technique is regarded as a useful treatment for improving pain level, elbow range of motion and quality of life in children with post-traumatic elbow stiffness.
520 3 _aالخلفية: تُعد كسور الكوع من الإصابات الشائعة في مرحلة الطفولة، ويُعتبر تقييد حركة المفصل من المضاعفات المتكررة بعد جراحات الكوع، ويرجع ذلك إلى عوامل مثل التثبيت لفترات طويلة، الألم، والتقلصات الوقائية للعضلات. هذه العوامل قد تؤدي إلى ضعف وظيفة المفصل، مما يعيق قدرة الطفل على أداء الأنشطة الوظيفية اليومية. الهدف: تهدف هذه الدراسة إلى التحقق من تأثير تقنية الطاقة العضلية على مستوى الألم، ومدى الحركة في مفصل الكوع، وجودة الحياة لدى الأطفال المصابين بتيبس الكوع ما بعد الصدمة. التصميم: تجربة إكلينيكية عشوائية محكمة. مكان الدراسة: العيادة الخارجية بمستشفى بني سويف التخصصي المنهجية: تم توزيع المشاركين عشوائياً إلى مجموعتين متساويتين:المجموعة (أ) – مجموعة الضبط: تلقت العلاج التقليدي (الكمادات الحرارية، تمارين المدى الحركي، تمارين الإطالة، وتمارين التقوية) إضافة إلى برنامج منزلي، بواقع ثلاث جلسات أسبوعياً لمدة أربعة أسابيع.المجموعة (ب) – مجموعة الدراسة: تلقت تقنية الطاقة العضلية مضافة إلى العلاج التقليدي والبرنامج المنزلي، بواقع ثلاث جلسات أسبوعياً لمدة أربعة أسابيع.تم تقييم جميع الحالات قبل وبعد العلاج باستخدام: مقياس وجوه الألم المُعدّل (FPS-R) لقياس شدة الألم، وتطبيق Goniometer Pro (G-Pro app) لقياس مدى حركة مفصل الكوع، ومقياس جودة الحياة للأطفال PedsQL 4.0 (النموذج الأساسي العام) لقياس جودة الحياة. النتائج: أظهرت المجموعتان تحسناً في جميع متغيرات الدراسة، إلا أن مجموعة الدراسة حققت تحسناً أكبر. حيث ظهر انخفاض ذو دلالة إحصائية في مقياس الألم (p = 0.003)، وزيادة معنوية في مدى ثني الكوع (p = 0.001)، وزيادة معنوية في مدى بسط الكوع (p = 0.001)، وتحسن ملحوظ في جودة الحياة (p = 0.001) مقارنة بالمجموعة (أ) الاستنتاج: تُعد تقنية الطاقة العضلية من الوسائل العلاجية الفعّالة في تقليل مستوى الألم، وتحسين المدى الحركي لمفصل الكوع، ورفع جودة الحياة لدى الأطفال المصابين بتيبس الكوع ما بعد الصدمة.
530 _aIssues also as CD.
546 _aText in English and abstract in Arabic & English.
650 0 _aPhysical Therapy
650 0 _aالعلاج الطبيعي
653 1 _aMuscle energy technique
_aelbow stiffness
_apain level
_aelbow ROM
_aquality of life
_aتقنية الطاقة العضلية
_aتيبس الكوع
700 0 _aMaher Ahmed El Keblawy
_ethesis advisor.
700 0 _aMohammed Mustafa Hosni
_ethesis advisor.
700 0 _aSahar Abdallah Abdallah
_ethesis advisor.
900 _b01-01-2025
_cMaher Ahmed El Keblawy
_cMohammed Mustafa Hosni
_c Sahar Abdallah Abdallah
_UCairo University
_FFaculty of Physical Therapy
_D Department of Basic Science
905 _aShimaa
942 _2ddc
_cTH
_e21
_n0
999 _c179889